000 00292 a2200121 4500
001 63420
082 _a025.35 COM
090 _c37476
_d37476
100 _aCOMS Tech
245 _aCOMS Tech inter Library resource network service (A-D)
_hEnglish
250 _aVol.I
260 _bComes Tech
942 _aCAE NUST
_k025.35 COM
999 _c298493
_d298493